HUMAN ANATOMY: BRAIN NEUROLOGY VOL. 4 (Record no. 33136)
[ view plain ]
| 000 -LEADER | |
|---|---|
| fixed length control field | 00316nam a22001457a 4500 |
| 003 - CONTROL NUMBER IDENTIFIER | |
| control field | SGT |
| 082 ## - DEWEY DECIMAL CLASSIFICATION NUMBER | |
| Classification number | 611 |
| Item number | H25C |
| 100 ## - MAIN ENTRY--PERSONAL NAME | |
| Personal name | CHAURASIA, BD |
| 245 ## - TITLE STATEMENT | |
| Title | HUMAN ANATOMY: BRAIN NEUROLOGY VOL. 4 |
| 250 ## - EDITION STATEMENT | |
| Edition statement | 10TH |
| 260 ## - PUBLICATION, DISTRIBUTION, ETC. (IMPRINT) | |
| Place of publication, distribution, etc | INDIA |
| Name of publisher, distributor, etc | CBS PUB |
| Year of Publication | 2025 |
| 300 ## - PAGE DESCRIPTION | |
| No. of Pages | 195 |
| 650 ## - SUBJECT ADDED ENTRY--TOPICAL TERM | |
| Topical term or geographic name as entry element | HUMAN ANATOMY |
| 942 ## - ADDED ENTRY ELEMENTS (KOHA) | |
| Source of classification or shelving scheme | Dewey Decimal Classification |
| Koha item type | Books |
| Withdrawn status | Lost status | Source of classification or shelving scheme | Damaged status | Not for loan | Collection code | Home library | Current library | Shelving location | Date acquired | Vendor Name | Volume Information (Serial or Books or Non-Book Material) | SGTU | Bill Number | Full call number | Accession No. (Barcode) | Date last seen | Bill Date | Koha item type | Total Checkouts | Checked out | Date last borrowed |
|---|---|---|---|---|---|---|---|---|---|---|---|---|---|---|---|---|---|---|---|---|---|
| Dewey Decimal Classification | Not For Loan | MEDICAL | SGT Medical Library | SGT Medical Library | Reference Book | 06/10/2025 | BRIJWASI BOOK DISTRIBUTORS DELHI | VOLUME-IV | SGTU | BW/000271 | 611 H25C | FM15566 | 04/11/2025 | 06/10/2025 | Books | ||||||
| Dewey Decimal Classification | MEDICAL | SGT Medical Library | SGT Medical Library | Text Book | 06/10/2025 | BRIJWASI BOOK DISTRIBUTORS DELHI | VOLUME-IV | SGTU | BW/000271 | 611 H25C | FM15567 | 01/06/2026 | 06/10/2025 | Books | 2 | 15/06/2026 | 01/06/2026 | ||||
| Dewey Decimal Classification | MEDICAL | SGT Medical Library | SGT Medical Library | Text Book | 06/10/2025 | BRIJWASI BOOK DISTRIBUTORS DELHI | VOLUME-IV | SGTU | BW/000271 | 611 H25C | FM15568 | 05/06/2026 | 06/10/2025 | Books | 4 | 25/05/2026 | |||||
| Dewey Decimal Classification | MEDICAL | SGT Medical Library | SGT Medical Library | Text Book | 06/10/2025 | BRIJWASI BOOK DISTRIBUTORS DELHI | VOLUME-IV | SGTU | BW/000271 | 611 H25C | FM15569 | 04/11/2025 | 06/10/2025 | Books | |||||||
| Dewey Decimal Classification | MEDICAL | SGT Medical Library | SGT Medical Library | Text Book | 06/10/2025 | BRIJWASI BOOK DISTRIBUTORS DELHI | VOLUME-IV | SGTU | BW/000271 | 611 H25C | FM15570 | 04/11/2025 | 06/10/2025 | Books |